| Tag |
First Indicator |
Second Indicator |
Subfields |
| LEADER |
00000cam a22000001a 4500 |
| 001 |
in00002139588 |
| 006 |
m e d # |
| 007 |
cr mn mmmmabba |
| 008 |
870406s1717 paua s 000 0 eng d |
| 005 |
20260331153432.3 |
| 035 |
|
|
|z w002263
|
| 035 |
|
|
|a MAAR8704063301B
|
| 035 |
|
|
|9 mwa91-53557
|
| 035 |
|
|
|a 320789
|
| 035 |
|
|
|a aas03002263
|
| 040 |
|
|
|a MWA
|c MWA
|e bdrb
|d UtOrBLW
|
| 100 |
1 |
|
|a Leeds, Titan,
|d 1699-1738.
|
| 245 |
1 |
0 |
|a Leeds, 1718. The American almanack for the year of Christian account 1718 :
|b ... Fitted to the latitude of 40 degrees, and a meridian of five hours west from London, but may, without sensible error, serve all the adjacent places, even from Newfound-Land to Carolina. /
|c By Titan Leeds, philomat. ; [Four lines of verse, with caption: My father's motto].
|
| 264 |
|
3 |
|a [Philadelphia] :
|b Printed and sold by Andrew Bradford, at the Sign of the Bible, in Philadelphia,
|c [1717?]
|
| 300 |
|
|
|a 24 unnumbered pages :
|b illustrations ;
|c (octavo)
|
| 336 |
|
|
|a text
|b txt
|2 rdacontent
|
| 337 |
|
|
|a computer
|b c
|2 rdamedia
|
| 338 |
|
|
|a online resource
|b cr
|2 rdacarrier
|
| 500 |
|
|
|a The Anatomy is the only illustration.
|
| 510 |
4 |
|
|a Evans
|c 1889
|
| 510 |
4 |
|
|a Drake, M. Almanacs,
|c 9493
|
| 510 |
4 |
|
|a Hildeburn, C.R. Pennsylvania,
|c 142
|
| 530 |
|
|
|a Microform version available in the Readex Early American Imprints series.
|
| 533 |
|
|
|a Electronic text and image data.
|b [Chester, Vt. :
|c Readex, a division of Newsbank, Inc.,
|d 2002-2004.
|e Includes files in TIFF, GIF and PDF formats with inclusion of keyword searchable text.
|f (Early American imprints. First series ; no. 1889).
|
| 500 |
|
|
|a Electronic resource.
|
| 655 |
|
7 |
|a Almanacs
|z Pennsylvania
|y 1718.
|2 rbgenr
|
| 752 |
|
|
|a United States
|b Pennsylvania
|d Philadelphia.
|
| 830 |
|
0 |
|a Early American imprints.
|n Series I,
|p Evans (1639-1800) ;
|v no. 1889.
|
| 856 |
4 |
1 |
|u http://proxy.library.tamu.edu/login?url=https://opac.newsbank.com/select/evans/1889
|y Evans Digital Edition
|t 0
|
| 999 |
|
|
|a MARS
|
| 999 |
f |
f |
|s 0d7da2d6-3a79-3f41-bca1-12d8878aca28
|i b20c2eb6-eb24-3612-a240-b807a2976ce5
|t 0
|
| 952 |
f |
f |
|a Texas A&M University
|b College Station
|c Electronic Resources
|s www_evans
|d Available Online
|t 0
|h No information provided
|
| 998 |
f |
f |
|t 0
|l Available Online
|